Design of equilibrium stage processes (Record no. 13251)

000 -LEADER
fixed length control field 00589nam a22002171 4500
001 - CONTROL NUMBER
control field 13251
003 - CONTROL NUMBER IDENTIFIER
control field BD-DhUET
008 - FIXED-LENGTH DATA ELEMENTS--GENERAL INFORMATION
fixed length control field 740517s1963 nyua b 000 0 eng
020 ## - INTERNATIONAL STANDARD BOOK NUMBER
International Standard Book Number 070586373
040 ## - CATALOGING SOURCE
Original cataloging agency DLC
Transcribing agency OAkU
Modifying agency BD-DhUET
082 ## - DEWEY DECIMAL CLASSIFICATION NUMBER
Classification number 660.28422
Item number SMI/1963
100 1# - MAIN ENTRY--PERSONAL NAME
Personal name Smith, Buford D.
245 10 - TITLE STATEMENT
Title Design of equilibrium stage processes
250 ## - EDITION STATEMENT
Edition statement 1st ed.
260 ## - PUBLICATION, DISTRIBUTION, ETC. (IMPRINT)
Place of publication, distribution, etc. New York
Name of publisher, distributor, etc. McGraw-Hill
Date of publication, distribution, etc. 1963
300 ## - PHYSICAL DESCRIPTION
Extent 647 p.
Other physical details ill.
Dimensions 24 cm.
490 ## - SERIES STATEMENT
Series statement McGraw-Hill chemical engineering series
504 ## - BIBLIOGRAPHY, ETC. NOTE
Bibliography, etc Includes bibliographies
650 #0 - SUBJECT ADDED ENTRY--TOPICAL TERM
Topical term or geographic name as entry element Chemical equilibrium
942 ## - ADDED ENTRY ELEMENTS (KOHA)
Koha item type General Book
Holdings
Piece designation (barcode) Source of classification or shelving scheme Withdrawn status Location (home branch) Koha normalized classification for sorting Koha date last seen Koha full call number Koha item type Not for loan Date acquired Damaged status Copy number Price effective from Sublocation or collection (holding branch) Lost status Shelving location
34954  Central Library, BUET660_284220000000000_SMI_19632015-03-02660.28422/SMI/1963General Book 2015-03-02 12015-03-02Central Library, BUET Circulation section
29845  Central Library, BUET660_284220000000000_SMI_19632015-03-03660.28422/SMI/1963General Book 2015-03-03 22015-03-03Central Library, BUET Circulation section
29841  Central Library, BUET660_284220000000000_SMI_19632015-03-03660.28422/SMI/1963General Book 2015-03-03 32015-03-03Central Library, BUET Circulation section
29847  Central Library, BUET660_284220000000000_SMI_19632015-03-03660.28422/SMI/1963General Book 2015-03-03 42015-03-03Central Library, BUET Circulation section
29853  Central Library, BUET660_284220000000000_SMI_19632015-03-03660.28422/SMI/1963General Book 2015-03-03 52015-03-03Central Library, BUET Circulation section
29843  Central Library, BUET660_284220000000000_SMI_19632015-03-03660.28422/SMI/1963General Book 2015-03-03 62015-03-03Central Library, BUET Circulation section
29844  Central Library, BUET660_284220000000000_SMI_19632015-03-03660.28422/SMI/1963General Book 2015-03-03 72015-03-03Central Library, BUET Circulation section
29840  Central Library, BUET660_284220000000000_SMI_19632015-03-03660.28422/SMI/1963General Book 2015-03-03 82015-03-03Central Library, BUET Circulation section
34955  Central Library, BUET660_284220000000000_SMI_19632015-03-03660.28422/SMI/1963General Book 2015-03-03 92015-03-03Central Library, BUET Circulation section
11477  Central Library, BUET660_284220000000000_SMI_19632015-05-11660.28422/SMI/1963General Book 2015-05-11 102015-05-11Central Library, BUET Circulation section
29846  Central Library, BUET660_284220000000000_SMI_19632015-05-11660.28422/SMI/1963General Book 2015-05-11 112015-05-11Central Library, BUET Circulation section
34953  Central Library, BUET660_284220000000000_SMI_19632015-05-11660.28422/SMI/1963General Book 2015-05-11 122015-05-11Central Library, BUET Circulation section
18836  Central Library, BUET660_284220000000000_SMI_19632015-05-11660.28422/SMI/1963General Book 2015-05-11 132015-05-11Central Library, BUET Circulation section
29854  Central Library, BUET660_284220000000000_SMI_19632015-05-11660.28422/SMI/1963General Book 2015-05-11 142015-05-11Central Library, BUET Circulation section
29856  Central Library, BUET660_284220000000000_SMI_19632015-05-11660.28422/SMI/1963General Book 2015-05-11 152015-05-11Central Library, BUET Circulation section
29848  Central Library, BUET660_284220000000000_SMI_19632015-05-19660.28422/SMI/1963General Book 2015-05-19 162015-05-19Central Library, BUET Circulation section
6449  Central Library, BUET660_284220000000000_SMI_19632015-06-18660.28422/SMI/1963Reading Item 2015-06-18 172015-06-18Central Library, BUET Reading section